000
00299nam a22001337a 4500
008
260211b ||||| |||| 00| 0 eng d
020
_a
9789606930706
041
_a
ital
080
_a
002
100
_a
20
101
_a
ital
245
_a
Italo Calvino
_c
Maria Angela Cernigliaro
942
_2
lcc
_c
BK
999
_c
60773
_d
60773